000 00701cam a22002411 4500
001 sa 67007619
003 DLC
005 20260227112417.0
008 861224m19669999ii f000 0 eng
010 _asa 67007619
025 _aPL480:I-E-7818
035 _a(OCoLC)15012069
040 _aDLC
_cWaU
_dWaU
_dDLC
042 _apremarc
043 _aa-ii
050 0 0 _aHF1589
_b.A532
082 _a382/.O62/54
110 1 _aIndia.
_bBoard of Trade.
245 1 0 _aBoard of Trade:
_bfunctions and activities, 1962-66.
260 _aNew Delhi,
_bDirectorate of Commercial Publicity, Ministry of Commerce, Govt. of India
_c[1966-
300 _av.
_c24 cm.
650 0 _aForeign trade promotion
_zIndia.
999 _c76696
_d76696